| 000 | 00503nam a2200181 a 4500 | ||
|---|---|---|---|
| 005 | 20140310183157.0 | ||
| 008 | 021106s19uu xx 00 eng d | ||
| 020 | _a9719307579 | ||
| 050 |
_aQA 76.76 _b.An552 2000 |
||
| 100 | _aAndes, Antonio Sr. M. | ||
| 245 |
_aSimple windows 2000 / _cAntonio M. Andes Sr. |
||
| 260 |
_aLegazpi City : _bAndes Mountain Printers, _c2000. |
||
| 300 |
_a316 p. : _bill. ; _c21 cm. |
||
| 521 | _aIT | ||
| 650 | _aMS Windows | ||
| 942 |
_cBK _2lcc _kLOC |
||
| 999 |
_c19790 _d19790 |
||